000 00280nam a22001337a 4500
008 181224b xxu||||| |||| 00| 0 eng d
020 _a9780131358386
041 _aeng
080 _a004
100 _a35
101 _aSHK
245 _aNetwork
_cBeasley.J.S
942 _2udc
_cBK
999 _c53733
_d53733